| 000 | 01311nam a2200301Ia 4500 | ||
|---|---|---|---|
| 001 | ebr5003690 | ||
| 003 | CaPaEBR | ||
| 006 | m u | ||
| 007 | cr cn||||||||| | ||
| 008 | 780220r20011885maubc s 000 0 eng d | ||
| 010 | _z 02008045 | ||
| 020 | _z1582185522 | ||
| 040 |
_aCaPaEBR _cCaPaEBR |
||
| 035 | _a(OCoLC)133168860 | ||
| 050 | 1 | 4 |
_aE476.69 _b.C69 2001eb |
| 100 | 1 |
_aCox, Jacob D. _q(Jacob Dolson), _d1828-1900. |
|
| 245 | 1 | 4 |
_aThe march to the sea - Franklin and Nashville _h[electronic resource] / _cby Jacob D. Cox. |
| 260 |
_aScituate, Mass. : _bDigital Scanning, _c2001. |
||
| 300 |
_aix p., 1 l., 265, [1] p. : _bincl. maps, port. |
||
| 490 | 0 |
_aThe army in the civil war ; _vv.10 |
|
| 500 | _aOriginally published: The march to the sea: Franklin and Nashville. New York :C. Scribner's Sons, [c1885]. | ||
| 533 |
_aElectronic reproduction. _bPalo Alto, Calif. : _cebrary, _d2009. _nAvailable via World Wide Web. _nAccess may be limited to ebrary affiliated libraries. |
||
| 650 | 0 | _aSherman's March to the Sea. | |
| 651 | 0 |
_aUnited States _xHistory _yCivil War, 1861-1865 _xCampaigns. |
|
| 655 | 7 |
_aElectronic books. _2local |
|
| 710 | 2 | _aebrary, Inc. | |
| 856 | 4 | 0 |
_uhttp://site.ebrary.com/lib/rucke/Doc?id=5003690 _zAn electronic book accessible through the World Wide Web; click to view |
| 999 |
_c244 _d244 |
||